| 000 | 01344nam a2200241Ii 4500 | ||
|---|---|---|---|
| 003 | JO-AjNU | ||
| 005 | 20240625083839.0 | ||
| 008 | 230605s9999||||xx |||||||||||||| ||und|| | ||
| 040 |
_aJO-AjNU _bara _erda _cJO-AjNU |
||
| 041 | _aara | ||
| 050 | 1 | 4 | _aHG8078 2021 |
| 100 | 1 |
_aالقضاة، قمر رائد احمد _eمعد _965559 |
|
| 245 | 0 | 0 |
_aالعلاقة بين صافي التدفقات النقدية التشغلية وتزويعات الأرباح النقدية في شركات التامين الأردنية: هيكل الملكية كمتغير معدل=the Relationship between Net operating cash Flows and Dividends in jordanian Insurance companies:ownership Structure as Moderating Variable / _cاعداد قمر رائد القضاة ؛ إشراف تيسير علي المومني |
| 260 | _c2021 | ||
| 300 | _a93 ورقة | ||
| 336 |
_atext _btxt _2rdacontent |
||
| 337 |
_aunmediated _bn _2rdamedia |
||
| 338 |
_avolume _bnc _2rdacarrier |
||
| 500 | _aرسالة جامعية(اطروحة ماجستير) تخصص المحاسبة/كلية ادارة الاعمال / جامعة عجلون الوطنية، 2021، تحتوي على جدوال توضيحية | ||
| 650 | 4 |
_aشركات التامين-ارباح- الاردن _961187 |
|
| 700 | 1 |
_aالمومني، تيسير علي _965112 _eمشرف |
|
| 942 |
_2lcc _cTHS |
||
| 999 |
_c31208 _d31208 |
||